Lesná pedagogika pre 1. a 2. ročník ZŠ pracovný zošit

Bibliographic Details
Main Authors: Kollárová, Dana, 1969- (Author), Nagyová, Alexandra, 1993- (Author), Pupíková, Eva, 1974- (Author)
Format: Book
Language:Slovak
PhysicalDescription:24 strán čiernobiele fotografie, ilustrácie 30 cm
Published: Nitra Univerzita Konštantína Filozofa v Nitre 2020
ISBN:9788055816463
Subjects:

MARC

LEADER 00000nam a2200000 4500
001 vtls012238324
003 SK-MaSNL
005 20260302011856.0
008 230904s2020 xo oa b p 000 0 slo
015 |a SNBA2023/09 
020 |a 9788055816463  |q (brožované) 
040 |a SNK  |b slo  |c SNK  |e rda 
041 0 |a slo 
044 |a xo  |c SK 
072 7 |a 630  |x Lesníctvo  |2 konspekt 
072 7 |a 37.016  |x Učebné osnovy. Vyučovacie predmety. Učebnice  |2 konspekt 
080 |a 630.1  |2 2011 
080 |a 37.01:630.1  |2 2011 
080 |a 502:37.03  |2 2011 
080 |a (075.2)  |2 2011 
080 |a (076.1)  |2 2011 
100 1 |a Kollárová, Dana,  |d 1969-  |4 aut  |9 252312 
245 1 0 |a Lesná pedagogika pre 1. a 2. ročník ZŠ  |b pracovný zošit  |c Dana Kollárová, Alexandra Nagyová, Eva Pupíková 
264 1 |a Nitra  |b Univerzita Konštantína Filozofa v Nitre  |c 2020 
300 |a 24 strán  |b čiernobiele fotografie, ilustrácie  |c 30 cm 
336 |a text  |b txt  |2 rdacontent 
336 |a statický obraz  |b sti  |2 rdacontent 
337 |a bez média  |b n  |2 rdamedia 
338 |a zväzok  |b nc  |2 rdacarrier 
650 0 7 |a lesy  |2 SNKPH  |9 1437 
650 0 7 |a lesná pedagogika  |2 SNKPH  |9 88058 
650 0 7 |a environmentálna výchova a vzdelávanie  |2 SNKPH  |9 67556 
650 0 7 |a Forests  |2 SNKPHeng  |9 276135 
650 0 7 |a Forest pedagogy  |2 SNKPHeng  |9 52779 
650 0 7 |a Environmental education  |2 SNKPHeng  |9 265190 
655 7 |a učebnice základných škôl  |2 SNKPH  |9 70187 
655 7 |a pracovné zošity  |2 SNKPH  |9 70188 
655 7 |a Textbooks (elementary)  |2 SNKPHeng  |9 276977 
655 7 |a Activity books  |2 SNKPHeng  |9 302885 
700 1 |a Nagyová, Alexandra,  |d 1993-  |4 aut  |9 235617 
700 1 |a Pupíková, Eva,  |d 1974-  |4 aut  |9 545202 
710 2 |a Univerzita Konštantína Filozofa v Nitre.  |b Pedagogická fakulta  |4 pbl  |9 178350 
852 |a Slovenská národná knižnica 
919 |a 978-80-558-1646-3 
954 |a odborná, vedecká literatúra pôvodná (slovenská)  |2 lita 
999 |c 1007678  |d 1009608 
952 |a SNK  |b SNK  |y PREZ  |7 0  |p 17A1530163  |o snkOSB 21078  |i snk2023/12753  |8 0  |0 0  |1 0  |4 0  |d 2023-09-04  |l 0  |r 2026-02-24 12:41:17  |w 2026-02-24 
952 |a SNK  |b SNK  |y VYP  |7 0  |p 17A1530164  |o snkOSB 21078 D1  |i snk2023/12754  |8 0  |0 0  |1 0  |4 0  |d 2023-09-04  |l 0  |r 2026-02-24 12:41:17  |w 2026-02-24